[Event "Heraklio summer"]
[Site "Heraklio"]
[Date "1993.??.??"]
[Round "9"]
[White "Lirindzakis, Timotheos"]
[Black "Andrianov, Nikolai"]
[Result "0-1"]
[WhiteElo "2370"]
[BlackElo "2460"]

1.c4 Nf6 2.Nc3 c5 3.Nf3 e6 4.g3 b6 5.Bg2 Bb7 6.O-O Be7 7.Re1 d5 8.cxd5 exd5
9.d4 O-O 10.Bg5 Na6 11.e3 Ne4 12.Bxe7 Qxe7 13.Qa4 Nb4 14.Bf1 Rfd8 15.a3 Nc6
16.Rac1 a6 17.Qd1 Nxc3 18.Rxc3 c4 19.e4 dxe4 20.Bxc4 Nxd4 21.Nxd4 Qf6 22.Qb3 Rxd4
23.Bxf7+ Kh8 24.Rc7 Rd3 25.Qe6 Qf3 26.Bh5 Qxh5 27.Rxb7 Re8 28.Rxe4 Qd1+ 29.Kg2 Rxe6
30.Rf4 Rd8 31.Rff7 Qd5+ 32.f3 Re2+ 33.Kf1 Qd1+  0-1

[Event "HUN-chT2"]
[Site "HUN"]
[Date "1993.??.??"]
[Round "?"]
[White "Egyed, Andras"]
[Black "Horvath, Istvan"]
[Result "1/2-1/2"]
[WhiteElo "2210"]
[BlackElo "2245"]

1.Nf3 Nf6 2.c4 e6 3.Nc3 c5 4.d4 cxd4 5.Nxd4 a6 6.e3 Qc7 7.Be2 Be7 8.O-O O-O
9.b3 b5 10.Bb2 b4 11.Nb1 Bb7 12.Nd2 Nc6 13.Nxc6 Bxc6 14.Bf3  1/2-1/2

[Event "HUN-chT2"]
[Site "HUN"]
[Date "1993.??.??"]
[Round "?"]
[White "Lengyel, Ferenc"]
[Black "Meszaros, Gyula"]
[Result "1/2-1/2"]
[WhiteElo "2285"]
[BlackElo "2260"]

1.Nf3 Nf6 2.c4 e6 3.Nc3 c5 4.g3 b6 5.Bg2 Bb7 6.O-O a6 7.d4 cxd4 8.Qxd4 d6
9.b3 Nbd7 10.Rd1 Qc7 11.Bb2 Be7 12.Rac1 Nc5 13.Ne1 Bxg2 14.Nxg2 Qb7 15.b4 Ncd7
16.Ne3 O-O 17.a3 Rfd8 18.Rc2 Rac8 19.f3 Bf8 20.Kg2 b5 21.Rdc1 Ne5 22.cxb5 axb5
23.Ncd1 Nfd7  1/2-1/2

[Event "HUN-chT"]
[Site "HUN"]
[Date "1993.??.??"]
[Round "?"]
[White "Bernei, Andras"]
[Black "Abel, Lajos"]
[Result "1-0"]
[WhiteElo "2335"]
[BlackElo "2425"]

1.Nf3 c5 2.c4 Nf6 3.Nc3 e6 4.e3 Nc6 5.d4 d5 6.cxd5 Nxd5 7.Bd3 cxd4 8.exd4 Ncb4
9.Bb5+ Bd7 10.Bxd7+ Qxd7 11.Ne5 Qc7 12.Qa4+ Nc6 13.Nxd5 exd5 14.O-O f6 15.Nxc6 bxc6
16.Bf4 Qb7 17.Rac1 Rc8 18.Rc3 Be7 19.Rfc1 g5 20.Be3 f5 21.Rxc6 Kf7 22.Qa5 Rhd8
23.Rc7 Rxc7 24.Rxc7 Qxb2 25.Rxe7+ Kxe7 26.Bxg5+ Kf7 27.Qc7+ Kg6 28.h4 Qb1+
29.Kh2 Rb8 30.Qd6+ Kf7 31.Qd7+ Kg8 32.Qe6+  1-0

[Event "HUN-chT"]
[Site "HUN"]
[Date "1993.??.??"]
[Round "?"]
[White "Bernei, Andras"]
[Black "Vegh, Endre"]
[Result "1/2-1/2"]
[WhiteElo "2335"]
[BlackElo "2385"]

1.Nf3 Nf6 2.c4 c5 3.Nc3 b6 4.g3 Bb7 5.Bg2 g6 6.O-O Bg7 7.d4 cxd4 8.Nxd4 Bxg2
9.Kxg2 O-O 10.Bg5 Nc6 11.Nxc6 dxc6 12.Qxd8 Rfxd8 13.Rad1 h6 14.Bc1 Ng4 15.Rxd8+ Rxd8
16.Rd1  1/2-1/2

[Event "HUN-chT"]
[Site "HUN"]
[Date "1993.??.??"]
[Round "?"]
[White "Gyurkovics, Miklos"]
[Black "Berecz, Arpad"]
[Result "1/2-1/2"]
[WhiteElo "2250"]
[BlackElo "2195"]

1.Nf3 c5 2.c4 Nf6 3.Nc3 g6 4.d4 Bg7 5.g3 O-O 6.Bg2 d6 7.O-O Nc6 8.d5 Na5
9.Nd2 a6 10.Qc2 Rb8 11.b3 b5 12.Bb2 Bg4 13.Rae1 bxc4 14.bxc4 e5 15.Nd1 Bh6
16.Bc3 Bd7 17.e3 Qc7 18.f4 Ne8 19.fxe5 dxe5 20.e4 f6 21.Rf2 Nd6 22.Ref1 Bg7
23.Ne3 Rbe8 24.Qd3 Kh8 25.g4 Rb8 26.h4 Qd8 27.Nf3 Re8 28.Nh2 Kg8 29.g5 fxg5
30.hxg5 Naxc4 31.Neg4 Qxg5 32.Nf6+ Bxf6 33.Rxf6 Rf8 34.Rxf8+ Rxf8 35.Rxf8+ Kxf8
36.Nf3 Qf4 37.Ne1 Kg7 38.Qf3 Qxf3 39.Bxf3 g5 40.Nd3 Kf6 41.Nxc5 Bc8 42.Kf2 Nb5
43.Bb4 Nd4 44.Be2 Nxe2 45.Kxe2 g4 46.Be1 Kg5 47.Nd3 h5 48.Bc3 Kf6 49.Nxe5 Nxe5
50.Ke3 Kg5 51.Bxe5 h4 52.Bf4+ Kf6 53.Bc7 Ke7 54.Kf4 h3 55.Kg5 a5 56.Kh4 a4
57.Kg5 a3 58.Bg3 Bd7 59.e5 Bb5 60.Kxg4 Bc4 61.d6+ Ke6 62.Kxh3 Bxa2 63.Be1 Kxe5
64.Bc3+  1/2-1/2

[Event "Jakarta Interzonal (Women)"]
[Site "Jakarta"]
[Date "1993.??.??"]
[Round "?"]
[White "Gurieli, Nino"]
[Black "Kulish, Irina"]
[Result "1-0"]
[WhiteElo "2355"]
[BlackElo "2225"]

1.Nf3 Nf6 2.c4 c5 3.Nc3 e6 4.g3 b6 5.Bg2 Bb7 6.O-O Be7 7.d4 cxd4 8.Qxd4 d6
9.Rd1 a6 10.b3 Nbd7 11.Bb2 O-O 12.Nd2 Bxg2 13.Kxg2 Qc7 14.Nde4 Qc6 15.f3 Rfd8
16.Rac1 Nc5 17.Nf2 Rac8 18.e4 Qb7 19.b4 Ncd7 20.a3 Ne5 21.Nb1 b5 22.cxb5 axb5
23.Nd2 Nc6 24.Qe3 Nd7 25.Ng4 Nb6 26.h4 h5 27.Nf2 Nb8 28.g4 Na4 29.Ba1 hxg4
30.Nxg4 Rxc1 31.Rxc1 Rc8 32.Qd4 e5 33.Qd5 Rc6 34.Nb3 Qb6 35.h5 Rxc1 36.Nxc1 Bg5
37.Nd3 Nd7 38.f4 Bxf4 39.Nxf4 exf4 40.Qg5 Ne5 41.h6 Qg1+ 42.Kxg1 Nf3+ 43.Kf1 Nxg5
44.hxg7 f6 45.Bxf6 Nf7 46.Bd4 Ne5 47.Nxe5 dxe5 48.Bxe5 Nb6 49.Bf6 Nc4 50.e5 Nxa3
51.e6 Nc4 52.e7 Nd6 53.Be5 Ne8 54.Kf2  1-0

[Event "Kassel op"]
[Site "Kassel"]
[Date "1993.??.??"]
[Round "6"]
[White "Majer, Damir"]
[Black "Krallmann, Matthias"]
[Result "0-1"]
[WhiteElo "2225"]
[BlackElo "2285"]

1.c4 c5 2.Nf3 Nf6 3.Nc3 e6 4.g3 b6 5.Bg2 Bb7 6.O-O a6 7.d4 cxd4 8.Qxd4 d6
9.b3 Nbd7 10.Rd1 Be7 11.Ng5 Bxg2 12.Kxg2 Qc7 13.Nge4 O-O 14.Ba3 Nc5 15.Nxf6+ Bxf6
16.Qe3 b5 17.Rac1 b4  0-1

[Event "Katerini GP"]
[Site "Katerini"]
[Date "1993.??.??"]
[Round "?"]
[White "Maris, Ioannis"]
[Black "Vlassis, Panayotis"]
[Result "1-0"]
[WhiteElo "2330"]
[BlackElo "2185"]

1.c4 c5 2.Nc3 Nf6 3.Nf3 e6 4.d4 cxd4 5.Nxd4 d6 6.e4 Be7 7.Be2 O-O 8.O-O a6
9.Be3 Nbd7 10.f3 Nc5 11.Rc1 Qc7 12.Qe1 b6 13.Qf2 Bb7 14.Rfd1 Rfc8 15.g4 Rab8
16.b4 Ncd7 17.g5 Ne8 18.f4 Qd8 19.h4 Nc7 20.a3 Qe8 21.Qg3 d5 22.cxd5 exd5
23.e5 a5 24.Ncb5 Nxb5 25.Bxb5 axb4 26.axb4 Bxb4 27.Qh3 Rd8 28.Rc7 Bc8 29.Bf2 Rb7
30.Rxb7 Bxb7 31.e6 fxe6 32.Qxe6+ Qf7 33.f5 Nc5 34.Qxb6 Ra8 35.Be2 Bc3 36.Qxc5 Rc8
37.Qd6 Bxd4 38.Bxd4 Qxf5 39.Qe5 Qxe5 40.Bxe5 Re8 41.Ba6 Bxa6 42.Rxd5 Kf7
43.Ra5 Bc4 44.Rc5 Be6 45.Kf2 h6 46.Rc7+ Re7 47.g6+ Ke8 48.Rc5 Bg4 49.Bd4 Rd7
50.Re5+ Re7 51.Rc5 Rd7 52.Bc3 Rd6 53.h5 Bxh5 54.Rxh5 Rxg6 55.Rf5 Rg5 56.Rf4 g6
57.Re4+ Kf7 58.Bd2 Rf5+ 59.Kg3 h5 60.Kh4 Rd5 61.Bg5 Rd7 62.Rf4+ Kg7 63.Bf6+ Kh6
64.Re4 Rd5 65.Re6 Ra5 66.Bd4 Ra4 67.Rd6 Rb4 68.Kg3 Rb3+ 69.Kf4 Rb7 70.Be3 Rb5
71.Bd2 Rc5 72.Rb6 Rf5+ 73.Ke4+ Kg7 74.Bc3+ Kf7 75.Bd2 Kg7 76.Bf4 Kf7 77.Be5 Rg5
78.Kd5 Rg1 79.Rb7+ Kg8 80.Ke6 g5 81.Kf6 Rf1+ 82.Kg6 Rf8 83.Bf6 Re8 84.Rg7+ Kf8
85.Rd7 Re1 86.Kxh5 g4 87.Kxg4 Rf1 88.Bg5 Ke8 89.Re7+ Kf8 90.Kh5 Rh1+ 91.Kg6 Rf1
92.Rd7 Re1 93.Rd8+ Re8 94.Bh6+ Ke7 95.Bg5+ Kf8 96.Rd7 Re1 97.Bf6 Rg1+ 98.Kf5 Rf1+
99.Ke6 Re1+ 100.Be5 Ke8 101.Rb7 Rd1 102.Re7+ Kd8 103.Rb7 Ke8 104.Bd6 Re1+
105.Kd5 Rd1+ 106.Kc6 Rc1+ 107.Bc5 Rc2 108.Re7+ Kd8 109.Re4  1-0

[Event "Katerini GP"]
[Site "Katerini"]
[Date "1993.??.??"]
[Round "5"]
[White "Moutousis, Konstantinos"]
[Black "Tsevremes, Ioannis"]
[Result "1-0"]
[WhiteElo "2425"]
[BlackElo "2175"]

1.c4 Nf6 2.Nc3 c5 3.Nf3 e6 4.g3 b6 5.Bg2 Bb7 6.O-O Be7 7.Re1 O-O 8.e4 d6
9.d4 cxd4 10.Nxd4 Nfd7 11.b3 a6 12.Bb2 Qc7 13.Rc1 Nc6 14.Nd5 exd5 15.cxd5 Nc5
16.dxc6 Bc8 17.Nf5 Bxf5 18.exf5 a5 19.Rc4 Rfe8 20.Rg4 Bf8 21.Rxe8 Rxe8 22.Bxg7 Bxg7
23.f6 Ne6 24.Rxg7+ Nxg7 25.Qg4  1-0

[Event "Katerini GP"]
[Site "Katerini"]
[Date "1993.??.??"]
[Round "5"]
[White "Voiska, Margarita"]
[Black "Kondou, Eva"]
[Result "1-0"]
[WhiteElo "2345"]
[BlackElo "2215"]

1.c4 Nf6 2.Nf3 c5 3.Nc3 e6 4.e4 d6 5.d4 cxd4 6.Nxd4 a6 7.Be2 b6 8.O-O Bb7
9.f3 Nbd7 10.Nb3 Rc8 11.Bf4 Ne5 12.Nd2 Be7 13.Be3 Qc7 14.f4 Ned7 15.f5 Ne5
16.fxe6 fxe6 17.Bh5+ g6 18.Be2 O-O 19.Kh1 Kg7 20.Qe1 d5 21.cxd5 exd5 22.Bf4 Bd6
23.Qh4 Ng8 24.Nxd5 Qb8 25.Nxb6 Rc2 26.Qg3 Rxd2 27.Bxd2 Rxf1+ 28.Rxf1 Bxe4
29.Bc3 Nf6 30.Rxf6  1-0

[Event "Katowice op"]
[Site "Katowice"]
[Date "1993.??.??"]
[Round "2"]
[White "Tolstikh, Nikolay"]
[Black "Gipslis, Aivars"]
[Result "1/2-1/2"]
[WhiteElo "2345"]
[BlackElo "2490"]

1.Nf3 Nf6 2.c4 c5 3.Nc3 e6 4.g3 b6 5.Bg2 Bb7 6.O-O Be7 7.Re1 d6 8.e4 a6 9.d4 cxd4
10.Nxd4 Qc7 11.Be3 Nbd7 12.f4 O-O 13.Rc1 Rfe8 14.g4 Nc5 15.Bf2 g6 16.b4 Rad8
17.Qe2 Ncd7 18.Nd5 exd5 19.cxd5 Qb8 20.Nc6 Qa8 21.Qf3 Bf8 22.Nxd8 Qxd8 23.g5 Nh5
24.Bh3 b5 25.Rc2 Nb6 26.Bg4 Ng7 27.Bxb6 Qxb6+ 28.Qf2 Qd8 29.Qd4 Nf5 30.Qf2 Ng7
31.Qd4 Nf5 32.Qf2 Ng7  1/2-1/2

[Event "Katowice op"]
[Site "Katowice"]
[Date "1993.??.??"]
[Round "2"]
[White "Sarkozy, Ladislav"]
[Black "Anastasian, Ashot"]
[Result "0-1"]
[WhiteElo "2320"]
[BlackElo "2470"]

1.Nf3 Nf6 2.c4 c5 3.Nc3 b6 4.d4 cxd4 5.Nxd4 Bb7 6.f3 d6 7.e4 e6 8.Be2 Be7
9.O-O O-O 10.Be3 Nbd7 11.Qd2 a6 12.Rfd1 Rc8 13.Rac1 Kh8 14.Bf1 Rg8 15.b3 h6
16.g3 Qc7 17.Bg2 Qb8 18.Na4 Rge8 19.Nc3 Kg8 20.Re1 Qa8 21.Kh1 Bf8 22.Bg1 Qb8
23.f4 Qa8 24.Re2 Rc7 25.Qe1 Rec8 26.a4 Nc5 27.Rb1 d5 28.e5 Nfd7 29.cxd5 Nd3
30.Qd2 Rxc3 31.Nc6 Bb4 32.Nxb4 Nxb4 33.dxe6 Bxg2+ 34.Rxg2 Rc2 35.exd7 Rd8
36.Qxc2 Nxc2 37.Rd1 Qe4  0-1

[Event "Katowice op"]
[Site "Katowice"]
[Date "1993.??.??"]
[Round "4"]
[White "Gorbatow, Alexej"]
[Black "Anastasian, Ashot"]
[Result "1/2-1/2"]
[WhiteElo "2385"]
[BlackElo "2470"]

1.Nf3 Nf6 2.c4 e6 3.Nc3 c5 4.g3 b6 5.Bg2 Bb7 6.O-O Be7 7.d4 cxd4 8.Nxd4 Bxg2
9.Kxg2 Qc8 10.Qd3 Nc6 11.Nxc6 Qxc6+ 12.Qf3 Rc8 13.Qxc6 Rxc6 14.b3 d5 15.Nb5 a6
16.Nd4 Rc8 17.cxd5 Nxd5 18.Bb2 Bf6 19.Rac1 Kd7 20.Rfd1 Rxc1 21.Rxc1 Rc8 22.Rxc8 Kxc8
23.a3 b5 24.Kf3 Nb6 25.Ke3 Nd7 26.Kd2 Ne5 27.h3 Nc6 28.Kd3 g6 29.Bc3 Bxd4
30.Bxd4 f5 31.Bc3 Kd7 32.e4 h5 33.f3  1/2-1/2

[Event "Katowice op"]
[Site "Katowice"]
[Date "1993.??.??"]
[Round "4"]
[White "Kalinin, Alexander"]
[Black "Raszka, Janusz"]
[Result "1-0"]
[WhiteElo "2375"]
[BlackElo "2265"]

1.Nf3 Nf6 2.c4 c5 3.Nc3 d5 4.cxd5 Nxd5 5.e4 Nb4 6.Bb5+ Bd7 7.a3 N4c6 8.d4 cxd4
9.Nxd4 Nxd4 10.Qxd4 Nc6 11.Qd1 a6 12.Be2 e5 13.Be3 Be6 14.Nd5 Bxd5 15.exd5 Ne7
16.O-O Qxd5 17.Bf3 Qxd1 18.Rfxd1 Nc6 19.Rac1 Rc8 20.Bg4 Rd8 21.Rxd8+ Nxd8
22.Bb6 Be7 23.Rc7 h5 24.Bd7+ Kf8 25.Rc8 Rh6 26.Bc7 f6 27.Bxd8 Bxd8 28.Rxd8+ Ke7
29.Rb8 Kxd7 30.Rxb7+ Kc6 31.Rxg7 Kd5 32.Rd7+ Kc5 33.Rf7 Kd4 34.h4 e4 35.Kf1 Ke5
36.Rc7 f5 37.Rc5+ Kf4 38.g3+ Kg4 39.Kg2 Rd6 40.Rc8 f4 41.Rg8+ Kf5 42.Rf8+ Ke5
43.gxf4+ Ke6 44.f5+ Ke7 45.Rb8 Kf6 46.Rf8+ Ke7 47.Rh8 Rd2 48.Rh6 Kf7 49.Kg3 a5
50.Rb6 Rd3+ 51.Kf4 Rf3+ 52.Kxe4 Rxf2 53.b4 axb4 54.axb4 Rh2 55.Ke5 Re2+ 56.Kf4 Rg2
57.b5 Rg4+ 58.Ke5 Rxh4 59.Rb7+ Kg8 60.b6 Rb4 61.Rb8+  1-0

[Event "GER-FRA"]
[Site "Kaufbeuren"]
[Date "1993.??.??"]
[Round "3"]
[White "Lobron, Eric"]
[Black "Chabanon, Jean Luc"]
[Result "0-1"]
[WhiteElo "2575"]
[BlackElo "2415"]

1.Nf3 Nf6 2.c4 c5 3.Nc3 b6 4.d4 cxd4 5.Nxd4 Bb7 6.f3 Nc6 7.e4 e6 8.Be3 Qb8
9.Nxc6 Bxc6 10.Qd2 Bd6 11.O-O-O Be5 12.f4 Bxc3 13.Qxc3 Bxe4 14.Bd3 Qb7 15.Rhe1 Bxd3
16.Rxd3 Rc8 17.Bd4 Nd5 18.Qd2 Rxc4+ 19.Kb1 Nb4 20.Bxg7 Rg8 21.Rg3 Qd5 22.Qxd5 Nxd5
23.Be5 Rxg3 24.hxg3 f6 25.Bd6 Rc6 26.Bb8 Kd8 27.f5 e5 28.g4 Kc8 29.Rd1 Ne3
30.Rd3 Nxg4 31.Bxa7 Kb7  0-1

[Event "Kecskemet2"]
[Site "Kecskemet"]
[Date "1993.??.??"]
[Round "6"]
[White "Groszpeter, Attila"]
[Black "Meszaros, Gyorgy"]
[Result "1/2-1/2"]
[WhiteElo "2515"]
[BlackElo "2465"]

1.c4 c5 2.Nc3 e6 3.Nf3 Nf6 4.g3 b6 5.Bg2 Bb7 6.O-O Be7 7.b3 d6 8.Bb2 a6 9.e3 O-O
10.d4 Nbd7 11.d5 e5 12.a4 Ne8 13.e4 Nc7 14.Qe2 Rb8 15.Nd2 Bf6 16.Rfb1 Re8
17.Ba3 Bc8 18.b4 cxb4 19.Bxb4 Nc5 20.a5 bxa5 21.Bxc5 Rxb1+ 22.Rxb1 dxc5 23.Nb3 Be7
24.Na4 Na8 25.Nbxc5 Bd7 26.Qc2 Bxa4 27.Nxa4 Bb4 28.c5 Nc7 29.Qc4 Nb5 30.Rd1 Qc8
31.h3 h5 32.Bf1 h4 33.d6 Nd4 34.Qxa6 Qd8 35.g4 Be1 36.Bg2 Bb4 37.Qc4 Qc8
38.f4 Qc6 39.fxe5 Ne6 40.Qc2 Nxc5 41.Nxc5 Qxc5+ 42.Qxc5 Bxc5+ 43.Kh1 Bb6
44.Bf1 a4 45.Bc4 a3 46.Rb1 Ba5 47.Rb5 Bd2 48.Rb7 Rxe5 49.d7 Bg5 50.Bb3 Kh7
51.Ra7 g6 52.Kg2 Kh6 53.Rxa3 f5 54.Ra8 fxe4 55.d8=Q Bxd8 56.Rxd8 e3 57.Kf1 Kg5
58.Ke2 Kf4 59.Rf8+ Kg3 60.Rf3+ Kh2 61.Bf7 g5 62.Bc4 Kg2 63.Ba6 Ra5 64.Bb7 Ra2+
65.Ke1 Ra1+ 66.Ke2 Ra2+ 67.Ke1 Ra1+ 68.Ke2 Ra2+  1/2-1/2

[Event "Komotini GP"]
[Site "Komotini"]
[Date "1993.??.??"]
[Round "8"]
[White "Oney, Feridun"]
[Black "Tsevremes, Ioannis"]
[Result "1-0"]
[WhiteElo "2300"]
[BlackElo "2175"]

1.c4 Nf6 2.Nc3 c5 3.Nf3 e6 4.g3 b6 5.Bg2 Bb7 6.O-O Be7 7.d4 cxd4 8.Qxd4 d6
9.b3 O-O 10.Bb2 a6 11.Rfd1 Qc7 12.Rac1 Nbd7 13.e4 Rfd8 14.Qe3 Rac8 15.Nd4 Bf8
16.h3 Re8 17.Re1 Qb8 18.Nc2 Rcd8 19.Rcd1 Nc5 20.Qe2 Qa8 21.b4 Ncd7 22.f4 g6
23.g4 h6 24.Rd2 Qb8 25.Red1 Qc7 26.a3 Rc8 27.Ne3 Red8 28.e5 dxe5 29.fxe5 Bxg2
30.Nxg2 Nh7 31.Ne4 Ng5 32.Rxd7 Rxd7 33.Rxd7 Qc6 34.Rd4 Nxh3+ 35.Kh2 Ng5 36.Nxg5 hxg5
37.Qe4 Qa4 38.Qb7 Re8 39.Qd7 Qb3 40.Qxe8  1-0

[Event "Kurgan"]
[Site "Kurgan"]
[Date "1993.??.??"]
[Round "?"]
[White "Magomedov, Magaram"]
[Black "Predein, V."]
[Result "1/2-1/2"]
[WhiteElo "2435"]
[BlackElo "2315"]

1.Nf3 Nf6 2.c4 c5 3.Nc3 b6 4.e4 d6 5.d4 cxd4 6.Nxd4 Bb7 7.Qe2 e6 8.g3 Be7
9.Bg2 O-O 10.O-O Nbd7 11.Rd1 Qc7 12.Ndb5 Qb8 13.b3 a6 14.Nd4 Re8 15.Bb2 Bf8
16.Qc2 Qa7 17.Rac1 Rac8 18.Qb1 Qa8 19.Re1 g6 20.Rc2 Qb8 21.Rce2 Ba8 22.Ba1 Bg7
23.a4 Red8 24.Nc2 Ne5 25.Ne3 Bc6 26.Rd2 b5 27.axb5 axb5 28.cxb5 Bxb5 29.Nxb5 Qxb5
30.Qd1 Ne8 31.f4 Nc6 32.Bxg7 Kxg7 33.Nc4 e5 34.Rd5 Qb4 35.Re3 f6 36.fxe5 dxe5
37.Bh3 Ra8 38.Rd7+ Rxd7 39.Qxd7+ Ne7 40.Be6 Kf8 41.Kg2 Qc5 42.Rf3 Ra2+ 43.Kh3 Qg1
44.Nd2 h5 45.Qd8 f5 46.b4 Rb2 47.b5 Qe1 48.Rd3 Qe2 49.Nf3 g5 50.Nd2 Qg4+
51.Kg2 Qe2+ 52.Kh3  1/2-1/2

[Event "La Coruna op"]
[Site "La Coruna"]
[Date "1993.??.??"]
[Round "?"]
[White "Piza Cortizo, Daniel"]
[Black "Gamundi, Antonio"]
[Result "1/2-1/2"]
[WhiteElo "2280"]
[BlackElo "2440"]

1.Nf3 Nf6 2.c4 e6 3.Nc3 c5 4.g3 b6 5.Bg2 Bb7 6.O-O a6 7.d4 cxd4 8.Qxd4 d6
9.Bg5 Nbd7 10.Nd2 Bxg2 11.Kxg2 Rc8 12.Nce4 h6 13.Bxf6 Nxf6 14.Nxf6+ gxf6
15.Ne4 Be7 16.Rfd1 Rc6 17.b4 b5 18.cxb5 axb5 19.a4 bxa4 20.Rxa4 O-O 21.Ra7 Kg7
22.b5 Rc7 23.b6 Rxa7 24.bxa7 Qc7 25.Nxd6  1/2-1/2

[Event "La Coruna op"]
[Site "La Coruna"]
[Date "1993.??.??"]
[Round "?"]
[White "Nedobora, Mikhail"]
[Black "Hernandez, Gilberto"]
[Result "1/2-1/2"]
[WhiteElo "2440"]
[BlackElo "2510"]

1.c4 c5 2.Nf3 Nf6 3.Nc3 e6 4.g3 b6 5.Bg2 Bb7 6.O-O Be7 7.b3 d6 8.Bb2 a6 9.d4 cxd4
10.Nxd4 Bxg2 11.Kxg2  1/2-1/2

[Event "Las Palmas Pirez"]
[Site "Las Palmas"]
[Date "1993.??.??"]
[Round "2"]
[White "Solana Suarez, Ernesto"]
[Black "Ramos, Victor"]
[Result "1-0"]
[WhiteElo "2335"]
[BlackElo "2250"]

1.Nf3 Nf6 2.c4 c5 3.Nc3 d5 4.cxd5 Nxd5 5.d4 e6 6.e3 Be7 7.Bc4 Nb6 8.Bb3 Nc6
9.O-O cxd4 10.exd4 Nb4 11.Ne5 O-O 12.a3 N4d5 13.Bc2 Bd7 14.Qd3 g6 15.Bh6 Re8
16.Qf3 f5 17.Bb3 Bc6 18.Rfe1 Bf6 19.Rad1 Rc8 20.Nxc6 bxc6 21.g3 Qd6 22.h4 Kf7
23.Bc1 Qb8 24.Ba2 a5 25.Kg2 Qd6 26.Ne2 Rc7 27.Nf4 Rb7 28.Nh3 Kg7 29.Nf4 Nxf4+
30.Bxf4 Qd7 31.Be5 Nd5 32.Rd2 a4 33.h5 Bxe5 34.Rxe5 Qd6 35.Qe2 Rbe7 36.Rd1 Rb7
37.Qa6 Qd7 38.Qe2 Ra7 39.Re1 Kf7 40.Qd2 Kg7 41.hxg6 hxg6 42.Rh1 Nf6 43.Qh6+ Kf7
44.Rhe1 Nd5 45.Qh7+ Kf6 46.Qh4+ Kg7 47.Rh1 Nf6 48.Qh6+ Kf7 49.Qd2 Kg7 50.Re2 Qd6
51.Rh4 c5 52.Qh6+ Kf7 53.dxc5 Qxc5 54.Qd2 Qc6+ 55.Kg1 Rd7 56.Qc2 Qxc2 57.Rxc2 Rb7
58.Rxa4 Reb8 59.b4 Ne4 60.Ra6 Rb6 61.Rc6 Rxc6 62.Rxc6 Ra8 63.Rxe6 Kg7 64.Bd5 Rxa3
65.Bxe4 Rb3 66.Bxf5 gxf5 67.Rb6 Kf7 68.Kg2 Ke7 69.f4 Rb1 70.Kh2 Kf7 71.b5 Kg7
72.Kh3 Rh1+ 73.Kg2 Rb1 74.Kf3 Rb3+ 75.Kf2 Kf7 76.Rb8 Kg7 77.b6 Kf7 78.b7 Kg7
79.Ke2 Kh7 80.Kd2 Kg7 81.Kc2 Rb5 82.Kc3 Rb1 83.Kd4 Rb5 84.Kc4 Rb1 85.Kd5 Rb2
86.Ke5 Rb5+ 87.Ke6 Kh7 88.Kf6  1-0

[Event "Leeuwarden op"]
[Site "Leeuwarden"]
[Date "1993.??.??"]
[Round "7"]
[White "Jolles, Hajo"]
[Black "Fauland Borek, Jutta"]
[Result "1/2-1/2"]
[WhiteElo "2280"]
[BlackElo "2095"]

1.c4 c5 2.Nf3 Nf6 3.Nc3 d5 4.cxd5 Nxd5 5.e4 Nb4 6.Bb5+ Bd7 7.a3 N4c6 8.d4 cxd4
9.Nxd4 Nxd4 10.Qxd4 Nc6 11.Bxc6 Bxc6 12.Qxd8+ Rxd8 13.Be3 a6 14.Ke2 e6 15.f3 Be7
16.Bb6 Rc8 17.Rhd1 Bf6 18.Bd4  1/2-1/2

[Event "SWE-ch"]
[Site "Lindesberg"]
[Date "1993.??.??"]
[Round "6"]
[White "Backe, Peter"]
[Black "Ornstein, Axel"]
[Result "0-1"]
[WhiteElo "2325"]
[BlackElo "2440"]

1.c4 Nf6 2.Nc3 c5 3.Nf3 e6 4.g3 b6 5.Bg2 Bb7 6.O-O Be7 7.d4 cxd4 8.Qxd4 d6
9.Rd1 a6 10.b3 Nbd7 11.e4 Qb8 12.Qe3 O-O 13.Bb2 Ra7 14.a4 Ba8 15.Nd4 Re8
16.h3 Bf8 17.Qd2 Rc7 18.Re1 g6 19.Rab1 Bb7 20.Ba1 h5 21.Nf3 Rcc8 22.Qf4 Rcd8
23.Rbd1 b5 24.axb5 axb5 25.Ng5 e5 26.Qf3 bxc4 27.bxc4 Ba6 28.c5 Bh6 29.Rxd6 Bxg5
30.h4 Nxc5 31.Rxd8 Qxd8 32.hxg5 Ng4 33.Nd5 Qxg5 34.Bh3 Nd3 35.Rb1 Ndxf2 36.Bxg4 Nxg4
37.Nc7 Rc8 38.Nxa6 Rc1+ 39.Rxc1 Qxc1+ 40.Qf1 Qe3+ 41.Kh1 Qxg3  0-1

[Event "SWE-ch"]
[Site "Lindesberg"]
[Date "1993.??.??"]
[Round "7"]
[White "Ornstein, Axel"]
[Black "Eriksson, Anders"]
[Result "1-0"]
[WhiteElo "2440"]
[BlackElo "2355"]

1.c4 c5 2.Nf3 Nf6 3.Nc3 e6 4.e3 b6 5.d4 cxd4 6.exd4 Bb7 7.Bg5 Be7 8.Bd3 d5
9.Bxf6 Bxf6 10.cxd5 exd5 11.Bb5+ Kf8 12.O-O Nc6 13.Re1 Qd6 14.Bxc6 Bxc6 15.Ne5 Rd8
16.Rc1 Be8 17.Qf3 h6 18.g3 Kg8 19.h4 Kh7 20.Qd3+ g6 21.h5 Bg7 22.Nb5 Bxb5
23.Qxb5 Bxe5 24.hxg6+ fxg6 25.Rxe5 Rhf8 26.Qe2 Rd7 27.Re6 Qb4 28.Qg4 Qd2
29.Qxg6+ Kh8 30.Qxh6+ Qxh6 31.Rxh6+ Kg7 32.Rhc6 Rff7 33.Kg2 Rfe7 34.R1c2 Kf7
35.Kf3 Re4 36.Rc7 Ke7 37.Rxd7+ Kxd7 38.Rd2 a5 39.g4 a4 40.Kg3 b5 41.g5 Ke6
42.f3 Re1 43.Kg4 Rg1+ 44.Kf4 b4 45.Re2+ Kd6 46.Kf5 b3 47.axb3 axb3 48.g6 Rg3
49.f4 Kd7 50.Kf6 Rg1 51.f5 Kd6  1-0

[Event "Lippstadt"]
[Site "Lippstadt"]
[Date "1993.??.??"]
[Round "?"]
[White "Chabanon, Jean Luc"]
[Black "Leko, Peter"]
[Result "0-1"]
[WhiteElo "2425"]
[BlackElo "2465"]

1.Nf3 Nf6 2.c4 g6 3.Nc3 c5 4.d4 cxd4 5.Nxd4 Nc6 6.g3 Bg7 7.Bg2 O-O 8.O-O Ng4
9.e3 d6 10.b3 Nxd4 11.exd4 Nh6 12.Bb2 Rb8 13.Qd2 a6 14.b4 b5 15.cxb5 axb5
16.d5 Ng4 17.Nd1 Bxb2 18.Qxb2 Qb6 19.h3 Ne5 20.Kh2 Ra8 21.f4 Nc4 22.Qf2 Ra3
23.Qxb6 Nxb6 24.Re1 Re8 25.Re3 Rxe3 26.Nxe3 Bd7 27.Kg1 Rc8 28.Kf2 Rc3 29.Bf1 Kg7
30.Rd1 Ra3 31.Rd2 Na4 32.Nd1 Kf6 33.Rc2 h6 34.g4 h5 35.Rc7 Rxa2+ 36.Kg1 Nb6
37.Nc3 Ra6 38.Be2 hxg4 39.hxg4 Ra3 40.Ne4+ Kg7 41.Kf2 Bxg4 42.Bxg4 Nxd5 43.Rb7 f5
44.Bxf5 gxf5 45.Nxd6 Kf6 46.Rxb5 Rd3 47.Ne8+ Kf7 48.Rb8 Rd4 49.b5 Rxf4+ 50.Kg3 Rb4
51.Kf3 Rb3+ 52.Kf2 f4 53.Kg2 Rg3+ 54.Kf2 Rb3 55.Kg2 Kg6 56.Rb7 Kf5 57.Nc7 Ne3+
58.Kg1 Rb1+ 59.Kf2 Rb2+  0-1

[Event "Lisboa zt"]
[Site "Lisboa"]
[Date "1993.??.??"]
[Round "6"]
[White "Illescas Cordoba, Miguel"]
[Black "Galego, Luis"]
[Result "1-0"]
[WhiteElo "2615"]
[BlackElo "2390"]

1.Nf3 Nf6 2.c4 c5 3.Nc3 e6 4.g3 b6 5.Bg2 Bb7 6.O-O Be7 7.d4 cxd4 8.Qxd4 d6
9.Rd1 a6 10.Ng5 Bxg2 11.Kxg2 Nc6 12.Qf4 Qc7 13.Nge4 Nxe4 14.Nxe4 O-O 15.b3 Ne5
16.Ba3 Ng6 17.Qc1 Rfd8 18.Kg1 Rac8 19.Bb2 Bf8 20.Qe3 b5 21.Bd4 Rb8 22.Rac1 b4
23.Bb2 Qa5 24.Rd2 Rbc8 25.Bd4 Rb8 26.h4 d5 27.Ng5 dxc4 28.Bb6 Qxb6 29.Qxb6 Rxb6
30.Rxd8 h6 31.Nf3 c3 32.h5 Nh8 33.Ne5  1-0

[Event "London Lloyds"]
[Site "London"]
[Date "1993.??.??"]
[Round "2"]
[White "Wells, Peter K"]
[Black "Stebbings, Anthony"]
[Result "0-1"]
[WhiteElo "2455"]
[BlackElo "2250"]

1.Nf3 c5 2.c4 Nf6 3.Nc3 d5 4.cxd5 Nxd5 5.e4 Nb4 6.Bb5+ N8c6 7.d4 cxd4 8.a3 dxc3
9.Qxd8+ Kxd8 10.axb4 cxb2 11.Bxb2 e6 12.O-O f6 13.e5 Be7 14.Nd4 Nxe5 15.f4 Nf7
16.Bc4 Bxb4 17.Nxe6+ Bxe6 18.Bxe6 Ke7 19.Bd5 Rhd8 20.Rfd1 Rac8 21.Kf1 Bc5
22.g4 Rc7 23.Rac1 b6 24.g5 Rcd7 25.gxf6+ gxf6 26.Re1+ Kf8 27.Bc6 Rd2 28.Rxc5 bxc5
29.Bxf6 Rb8 30.Be7+ Kg8 31.Bxc5 Rc8 32.Be3 Rxh2 33.Bd5 Rd8 34.Rd1 Rh1+ 35.Bg1 Rd7
36.Kg2 Rh5 37.Bxf7+ Rxf7 38.Rd8+ Kg7 39.Bd4+ Kg6 40.Kg3 Rhf5 41.Be5 h5 42.Rg8+ Kh6
43.Re8 Rd7 44.Re6+ Kh7 45.Kf3 Rff7 46.Re8 Kg6 47.Rg8+ Kf5 48.Rg5+ Ke6 49.Rxh5 Kd5
50.Rh1 a5 51.Ra1 Ra7 52.Rd1+ Kc6 53.Ke4 Rfd7 54.Rc1+ Kb5 55.f5 a4 56.f6 a3
57.Rg1 a2 58.Rg7 Kc5 59.Rxd7 Rxd7 60.Bb2 Rd1  0-1

[Event "London Lloyds"]
[Site "London"]
[Date "1993.??.??"]
[Round "3"]
[White "Barle, Janez"]
[Black "Kwiatkowski, Feliks J"]
[Result "1/2-1/2"]
[WhiteElo "2435"]
[BlackElo "2250"]

1.Nf3 Nf6 2.c4 c5 3.Nc3 g6 4.e3 Bg7 5.d4 O-O 6.Be2 cxd4 7.exd4 d5 8.O-O Nc6
9.Re1 dxc4 10.Bxc4 Bg4 11.d5 Bxf3 12.Qxf3 Nd4 13.Qd1 Nf5 14.Bf4 Nd6 15.Bb3 Rc8
16.Qe2 Nf5 17.Rad1 Nd7 18.Bg5 Be5 19.g4 Nd6 20.Be3 a6 21.f4 Bf6 22.Qf2 b5
23.Rd3 Qc7 24.Bd4 Rfe8 25.Bxf6 Nxf6 26.Qf3 a5 27.a4 b4 28.Ne2 Nfe4  1/2-1/2

[Event "Makarska"]
[Site "Makarska"]
[Date "1993.??.??"]
[Round "?"]
[White "Gyorkos, Lajos"]
[Black "Stone, Raymond"]
[Result "1/2-1/2"]
[WhiteElo "2435"]
[BlackElo "2365"]

1.c4 Nf6 2.Nc3 c5 3.Nf3 e6 4.g3 b6 5.Bg2 Bb7 6.O-O a6 7.d4 cxd4 8.Qxd4 d6
9.Rd1 Be7 10.Ng5 Bxg2 11.Kxg2 Nc6 12.Qf4 Ra7 13.Nce4 Rd7 14.Nxf6+ Bxf6 15.Ne4 Be5
16.Qf3 O-O 17.Rb1 d5 18.Ng5 h6 19.Nh3 dxc4 20.Rxd7 Qxd7 21.Be3 b5 22.Nf4 Bxf4
23.gxf4 Qd5 24.Qxd5 exd5 25.Rd1 Rd8 26.Bb6 Rd7 27.e3 g6 28.Kf3 Kg7 29.Bd4+ Nxd4+
30.Rxd4 Kf6 31.Kg4 Ke6 32.h4 b4 33.Kf3 Rc7 34.Ke2 Rc5 35.a3 bxa3 36.bxa3 Ra5
37.e4 dxe4 38.Rxe4+ Kf5 39.Rxc4 Rxa3 40.f3 a5 41.Kf2 Rb3 42.Rc5+ Kxf4 43.Rc4+ Ke5
44.Rc5+ Ke6 45.Rxa5 Rd3 46.Ra8 h5  1/2-1/2